Datum a čas kvízu
21
Celkem bodů
Celkový počet nahraných bodů na tomto kvízu bez doplňovacích otázek.
5.
Pořadí na kvízu
Konečné umístění týmu na tomto kvízu.
Zaznamenané odpovědi
| # | Otázka | Odpověď | Body | Výsledky |
|---|---|---|---|---|
| 1. | Obvodní soud pro Prahu 2 v pon... | 0 | ||
| 2. | Dánsko chce na hranicích s Něm... | 1 | ||
| 3. | Kdo poslouchal dne 21. března... | 0 | ||
| 4. | Majitelé účtů v České spořitel... | 0 | ||
| 5. | V minulých dnech bylo rozhodnu... | 0 | ||
| 6. | Budeme se zabývat slovy, která... | 0 | ||
| 7. | Bezpečnostní informační služba... | 0 | ||
| 8. | Který známý japonský spisovate... | 0 | ||
| 9. | Logo které mezinárodní organiz... | 1 | ||
| 10. | Na fotce je zobrazen hrad, kte... | 0 |